000 00343nam a2200145Ia 4500
008 150201s2009 xx 000 0 und d
082 _a612.015
_bV2009S
100 _aSHARMA ,D.C.
245 _aVIVA -VOCE IN BIOCHEMISTRY
250 _a1ST
260 _bAITBS
_aDELHI
_c2009
300 _a1-230
650 _aBIOCHEMISTRY
942 _2ddc
_cBK
_06
999 _c4103
_d4103